| 000 | 00769cam a22002175a 4500 | ||
|---|---|---|---|
| 005 | 20160510114034.0 | ||
| 008 | 010105s2001 -usa 001 0 eng | ||
| 040 |
_aDLC _cDLC _dCO-BoIAVH |
||
| 041 | 0 | _aeng | |
| 044 | _axxu | ||
| 082 | 0 | 4 |
_a005.2 _bT35b |
| 245 | 1 | 0 | _aBorland Delphi 6 developer's guide / |
| 260 |
_aCalifornia, Estados Unidos : _bBorland software corporation, _cc2001. |
||
| 300 |
_axxx, 1100 páginas aproximadamente : _bilustraciones ; _c24 x 18 cm. |
||
| 500 | _aIncluye índice. | ||
| 630 | 0 | 0 | _aDelphi (Computer file) |
| 650 | 1 | 6 |
_aProgramas de ordenador _xDesarrollo. |
| 650 | 2 | 4 |
_aBorland Delphi (Lenguaje de programación de computadora) _xDesarrollo. |
| 650 | 2 | 6 | _aProgramación informática |
| 942 |
_2ddc _cLIBRO |
||
| 999 |
_c2625 _d2625 |
||